| 000 | 01016nam a22001817a 4500 | ||
|---|---|---|---|
| 003 | NUST | ||
| 005 | 20260120143003.0 | ||
| 082 | _a621.382,IBR | ||
| 100 |
_aIbrahim _9122723 |
||
| 245 |
_aDevelopment of AD-HOC voice network for rapid deployment / _cIbrahim, Sumair, Adeel, Bilal and Zahir (BETE-51) |
||
| 260 |
_aRawalpindi _bMCS (NUST) _c2018 |
||
| 300 | _av, 70p.; | ||
| 505 | _aIntroduction (Page-3), Overall Description (Page-8), External Interface Requirements (Page-14), System Features (Page-15), Other Nonfunctional Requirements (Page-26), Layout (Page-28), Use Case Descriptions (Page-31), Cals's Description (Page-34), User Interface (Page-40), Detailed Description of Components (Page-49), Design, Decisions, Reuse and Relationship to other Products (Page-59), Project test and Evaluation (Page-60), assumptions and Dependencies (Page-68), References (Page-69). | ||
| 650 |
_aUG Project _9131132 |
||
| 651 |
_aBETE-51 _9132836 |
||
| 700 |
_aSupervised by Dr. Hasnat Khurshid _9132581 |
||
| 942 |
_2ddc _cPR |
||
| 999 |
_c615869 _d615869 |
||